000
00261nam a2200109Ia 4500
008
221009s9999 xx 000 0 und d
082
_a
300/MAZ
100
_a
Indrani Mazumadar
_9
22356
245
0
_a
Women Workers & Globaliazation
260
_b
Stree
942
_c
BK
999
_c
64912
_d
64912